T´ang Pottery & Porcelain (Record no. 276)

MARC details
000 -CABECERA
campo de control de longitud fija 00806nam a2200241 a 4500
001 - NÚMERO DE CONTROL
campo de control BRCA_339
005 - FECHA Y HORA DE LA ÚLTIMA TRANSACCIÓN
campo de control 20190320202951.0
008 - DATOS DE LONGITUD FIJA--INFORMACIÓN GENERAL
campo de control de longitud fija 820521s1981 enka---##b---#001-0#eng-#
020 ## - NÚMERO INTERNACIONAL ESTÁNDAR DEL LIBRO
Número Internacional Estándar del Libro 0571109578
040 ## - FUENTE DE LA CATALOGACIÓN
Centro catalogador/agencia de origen DLC
Centro/agencia transcriptor DLC
Centro/agencia modificador DLC
050 #4 - SIGNATURA TOPOGRÁFICA DE LA BIBLIOTECA DEL CONGRESO
Número de clasificación NK4565.3
Número de documento/Ítem .M43
-- 1981
100 1# - ENTRADA PRINCIPAL--NOMBRE DE PERSONA
Nombre de persona Medley, Margaret
9 (RLIN) 1125
245 10 - MENCIÓN DE TÍTULO
Título T´ang Pottery & Porcelain
Mención de responsabilidad, etc. by Margaret Medley.
260 ## - PUBLICACIÓN, DISTRIBUCIÓN, ETC.
Lugar de publicación, distribución, etc. Londres ; Boston
Nombre del editor, distribuidor, etc. Faber and Faber
Fecha de publicación, distribución, etc. 1981
300 ## - DESCRIPCIÓN FÍSICA
Extensión 151 p.
Otras características físicas il., [14] p. de láminas
Dimensiones 25 cm.
440 #0 - MENCIÓN DE SERIE/PUNTO DE ACCESO ADICIONAL--TÍTULO
Título The Faber Monographs on Pottery and Porcelain
9 (RLIN) 1070
500 ## - NOTA GENERAL
Nota general Donación Consejo Británico
504 ## - NOTA DE BIBLIOGRAFÍA, ETC.
Nota de bibliografía, etc. Bibliografía: p. 145-146
650 14 - PUNTO DE ACCESO ADICIONAL DE MATERIA--TÉRMINO DE MATERIA
Término de materia o nombre geográfico como elemento de entrada Cerámica china
Subdivisión cronológica T´ang-quinta dinastía, 618-906
9 (RLIN) 1126
650 14 - PUNTO DE ACCESO ADICIONAL DE MATERIA--TÉRMINO DE MATERIA
Término de materia o nombre geográfico como elemento de entrada Porcelana china
Subdivisión cronológica T´ang-quinta dinastía, 618-906
9 (RLIN) 1127
902 ## - CATALOGADOR
Iniciales DCB
942 ## - ELEMENTOS DE PUNTO DE ACCESO ADICIONAL (KOHA)
Fuente del sistema de clasificación o colocación Library of Congress Classification
Tipo de ítem Koha Libros
Holdings
Estado de retiro Estado de pérdida Estado dañado No para préstamo Localización permanente Ubicación/localización actual Fecha de adquisición Total de préstamos Signatura topográfica completa Código de barras Fecha visto por última vez Precio válido a partir de Tipo de ítem Koha
El ejemplar forma parte de la colección y puede ser consultado según las políticas vigentes.       Biblioteca del Museo Franz Mayer (Rogerio Casas-Alatriste) Biblioteca del Museo Franz Mayer (Rogerio Casas-Alatriste) 25/06/2008   NK4565.3 .M43 1981 DCB00025 22/03/2019 22/03/2019 Libros